000 00268nam a2200121 i 4500
001 bg
245 0 _aWände Treppen Aussendetails im Beton.
260 _aMünchen,
_c1965.
040 _cBPK
041 _apol
942 _cKS
008 s pl f |000 0 pol
999 _c8731
_d8731
856 _uhttp://koha.tu.koszalin.pl/cgi-bin/koha/opac-detail.pl?biblionumber=8731
_yKatalog online BPK